00661cam a22002051 4500001001300000003000400013005001700017008004100034010001700075035002000092040001700112042001200129050001800141100002700159245016400186260004800350300001800398650002200416999001700438sa 65000092 DLC20260227112100.0910320s1956 io 000 0 ind  asa 65000092  a(OCoLC)23274591 aDLCcCUdDLC apremarc00aPN5449.I5bJ61 aJoedoatmodjo, Harjoto.10aFunksi pers dalam negara demokrasi;cpidato pada pebukaan Pendidikan Pegawai Staf Kempen jang ke-v, pada tanggal 15 Oktober 1956 di gedung Adhuc Stat Djakarta. a[Djakarta,bKementerian Penerangan,c1956?] a20 l.c32 cm. 0aPresszIndonesia. c61377d61377